|
|
|
|
| LEADER |
00000nam2a2200000 4500 |
| 001 |
105208 |
| 005 |
20240822101837.0 |
| 010 |
|
|
|a 5250059953
|
| 035 |
|
|
|a (RuTPU)RU\TPU\book\113494
|
| 090 |
|
|
|a 105208
|
| 100 |
|
|
|a 20061114d2006 km y0rusy50 ca
|
| 101 |
0 |
|
|a rus
|
| 102 |
|
|
|a RU
|
| 105 |
|
|
|a y z 001zy
|
| 200 |
0 |
|
|a Т. 2: События 1945 - 2003 годов
|
| 210 |
|
|
|d 2006
|
| 215 |
|
|
|a 720 с.
|
| 320 |
|
|
|a Библиогр.: с. 699-714.
|
| 330 |
|
|
|a Настоящее издание представляет собой двухтомную версию одноименного четырехтомника, изданного в 2000-2004 годах и давно завоевавшего признание читателей. Это первая после 1991 г. попытка комплексного исследования истории международных отношений последних восьми десятилетий XX века. Во втором томе рассматривается период с завершения Второй мировой войны до середины первого десятилетия XXI века. Особое внимание уделяется становления и эволюции ялтинско-потсдамского порядка, возникновения «конфронтационной стабильности» в 1962-1991 гг., международным последствиям распада СССР и формирования нового миропорядка. В книге рассматриваются вопросы международных отношений в региональных подсистемах—в Европе, Восточной Азии, на Ближнем и Среднем Востоке, в Латинской Америке и Африке. Издание адресовано специалистам и широкому кругу читателей — преподавателям, научным сотрудникам, студентам, магистрантам и аспирантам гуманитарных ВУЗов и всем, кто интересуется историей дипломатии и внешней политики России.
|
| 461 |
|
1 |
|0 (RuTPU)RU\TPU\book\113879
|t Системная история международных отношений
|o в 2 т.
|f Научно-образовательный форум по международным отношениям; под ред. А. Д. Богатурова
|v Т. 2: События 1945 - 2003 годов
|d 2006
|
| 606 |
1 |
|
|a Международные отношения
|z 20 в.
|z 21 в.
|2 stltpush
|3 (RuTPU)RU\TPU\subj\41935
|9 61703
|
| 606 |
|
|
|a Международные отношения
|x История
|z 20 в.
|9 81320
|
| 610 |
1 |
|
|a политика
|
| 610 |
1 |
|
|a внешняя политика
|
| 610 |
1 |
|
|a мировая политика
|
| 610 |
1 |
|
|a 20 век
|
| 610 |
1 |
|
|a 21 век
|
| 610 |
1 |
|
|a дипломатия
|
| 610 |
1 |
|
|a ООН
|
| 610 |
1 |
|
|a СССР
|
| 610 |
1 |
|
|a США
|
| 610 |
1 |
|
|a Германия
|
| 610 |
1 |
|
|a Восточная Европа
|
| 610 |
1 |
|
|a германский вопрос
|
| 610 |
1 |
|
|a политические режимы
|
| 610 |
1 |
|
|a Корейская война
|
| 610 |
1 |
|
|a мирное сосуществование
|
| 610 |
1 |
|
|a Суэцкий кризис
|
| 610 |
1 |
|
|a международные конфликты
|
| 610 |
1 |
|
|a НАТО
|
| 610 |
1 |
|
|a АСЕАН
|
| 610 |
1 |
|
|a Африка
|
| 610 |
1 |
|
|a Афганистан
|
| 610 |
1 |
|
|a разоружение
|
| 610 |
1 |
|
|a войны
|
| 610 |
1 |
|
|a глобализация
|
| 610 |
1 |
|
|a реформы
|
| 610 |
1 |
|
|a СНГ
|
| 686 |
|
|
|a Ф4(0)г
|2 rubbk
|
| 686 |
|
|
|a Т3(0)6-6
|2 rubbk
|
| 801 |
|
1 |
|a RU
|b 63413507
|c 20061114
|g PSBO
|
| 801 |
|
2 |
|a RU
|b 63413507
|c 20140318
|g PSBO
|
| 942 |
|
|
|c BK
|